[Event "Budapest FS08 IM"]
[Site "Budapest"]
[Date "1993.??.??"]
[Round "10"]
[White "Orosz, Andras"]
[Black "Liedl, Wolfgang"]
[Result "1-0"]
[WhiteElo "2245"]
[BlackElo "2215"]
[PlyCount "107"]
[EventDate "1993.08.??"]
[Source "ChessBase"]

1. e4 e5 2. Nc3 Nf6 3. Bc4 Nxe4 4. Qh5 Nd6 5. Bb3 Nc6 6. Nb5 g6 7. Qf3 f5 8. Qd5 Qe7 9. Nxc7+ Kd8 10. Nxa8 b6 11. d3 Bb7 12. Qf3 Nd4 13. Qh3 e4 14. Be3 Bg7 15. dxe4 Nxe4 16. O-O-O Nxb3+ 17. axb3 Qe5 18. Bd4 Qa5 19. Kb1 Bxd4 20. Qd3 Qb4 21. Nh3 Nf6 22. Ng5 Bc5 23. Nf7+ Ke7 24. Nxh8 Bxa8 25. Rhe1+ Kf8 26. Qg3 Be4 27. f3 Bd5 28. Qe5 Be7 29. c3 Qc5 30. b4 Qd6 31. Qxd6 Bxd6 32. Rxd5 Nxd5 33. Rd1 Bxh2 34. Rxd5 d6 35. c4 Kg7 36. c5 bxc5 37. bxc5 dxc5 38. Rd8 h5 39. Ra8 g5 40. Kc2 g4 41. Kd3 h4 42. fxg4 fxg4 43. Rxa7+ Kxh8 44. Ra4 Be5 45. b3 Bd4 46. Ra2 g3 47. Ke4 Kg7 48. Kf4 Bf2 49. Kg4 Kf6 50. Re2 Kg6 51. Re6+ Kf7 52. Ra6 Bd4 53. Kxh4 Be5 54. Rc6 1-0

[Event "Tampere We HervS"]
[Site "Tampere"]
[Date "1998.??.??"]
[Round "4"]
[White "Hermlin, Aarne"]
[Black "Luukkonen, Tommi"]
[Result "1-0"]
[WhiteElo "2285"]
[BlackElo "2160"]
[PlyCount "51"]
[EventDate "1998.??.??"]
[Source "www.chesslib.no"]
[SourceDate "2004.05.04"]

1. Nc3 Nf6 2. e4 e5 3. Bc4 Nxe4 4. Qh5 Nd6 5. Bb3 Nc6 6. Nb5 g6 7. Qf3 f5 8. Qd5 Qe7 9. Nxc7+ Kd8 10. Nxa8 b6 11. d3 Bb7 12. h4 f4 13. Qf3 Bh6 14. Qd1 Nd4 15. c3 N4f5 16. Nf3 Re8 17. Qe2 Qf6 18. Kf1 Bxa8 19. Bd2 Bg7 20. Re1 Bxf3 21. Qxf3 Nxh4 22. Qa8+ Ke7 23. Qxa7 Ndf5 24. Bxf4 Kf8 25. Bxe5 Qc6 26. Qa3+ 1-0

[Event "CZE-chT2b 0001"]
[Site "?"]
[Date "2001.??.??"]
[Round "?"]
[White "Sykora Ondrej"]
[Black "Vorisek Jaroslav"]
[Result "0-1"]
[WhiteElo "2180"]
[BlackElo "2255"]
[PlyCount "58"]
[EventDate "2001.??.??"]
[Source "www.chesslib.no"]
[SourceDate "2004.05.04"]

1. e4 e5 2. Nc3 Nf6 3. Bc4 Nxe4 4. Qh5 Nd6 5. Bb3 Nc6 6. Nb5 g6 7. Qf3 f5 8. Qd5 Qe7 9. Nxc7+ Kd8 10. Nxa8 b6 11. h4 Bb7 12. Nxb6 axb6 13. Qf3 Nd4 14. Qh3 f4 15. d3 Bh6 16. Bd2 e4 17. O-O-O e3 18. Bb4 e2 19. Re1 Bxg2 20. Qh2 Rf8 21. Kb1 Bxh1 22. Qxh1 f3 23. Bd5 Rf4 24. Bxf3 Nxf3 25. Rxe2 Qxh4 26. Qxh4+ Rxh4 27. Bxd6 Rh1 28. a4 Rxg1+ 29. Ka2 Re1 0-1

[Event "Corr"]
[Site "?"]
[Date "1999.??.??"]
[Round "?"]
[White "Belanoff Stuart B"]
[Black "Claridge John Bleddyn"]
[Result "0-1"]
[WhiteElo "2213"]
[BlackElo "2211"]
[PlyCount "82"]
[EventDate "1999.??.??"]
[Source "www.chesslib.no"]
[SourceDate "2004.05.04"]

1. e4 e5 2. Nc3 Nf6 3. Bc4 Nxe4 4. Qh5 Nd6 5. Bb3 Nc6 6. Nb5 g6 7. Qf3 f5 8. Qd5 Qe7 9. Nxc7+ Kd8 10. Nxa8 b6 11. d3 Bb7 12. h4 f4 13. Qf3 Nd4 14. Qg4 Bh6 15. c3 N4f5 16. Nxb6 axb6 17. Ne2 Re8 18. Kf1 Bg7 19. Kg1 Bf6 20. h5 g5 21. f3 Nh6 22. Qh3 g4 23. fxg4 Ndf7 24. Kf1 Ng5 25. Qh2 Nxg4 26. Qg1 Qd6 27. Rh4 Nh6 28. Qf2 Nf5 29. Rg4 Qxd3 30. Qxb6+ Kc8 31. Qxf6 Ne4 32. Qxf5 Ng3+ 33. Rxg3 Qxf5 34. Rg7 Qxh5 35. Ng1 Be4 36. Ba4 Bd3+ 37. Ke1 Qh4+ 38. g3 Qh6 39. Rxd7 Bf5 40. Rd6 Qh1 41. Kf1 Rg8 0-1

[Event "EU-ch Union SCIPT"]
[Site "Balatonkenese-Budapest"]
[Date "1999.??.??"]
[Round "4"]
[White "Morvay, M."]
[Black "Karstens, B."]
[Result "0-1"]
[WhiteElo "2215"]
[BlackElo "2190"]
[PlyCount "70"]
[EventDate "1999.09.04"]
[Source "www.chesslib.no"]
[SourceDate "2004.05.04"]

1. e4 e5 2. Nc3 Nf6 3. Bc4 Nxe4 4. Qh5 Nd6 5. Bb3 Nc6 6. Nb5 g6 7. Qf3 f5 8. Qd5 Qe7 9. Nxc7+ Kd8 10. Nxa8 b6 11. h4 Bb7 12. Qf3 Bh6 13. Qh3 e4 14. Ne2 f4 15. Nc3 Bxa8 16. O-O Nd4 17. Re1 N6f5 18. Nd5 Bxd5 19. Bxd5 e3 20. dxe3 Nxc2 21. Bd2 Nxa1 22. exf4 Qc5 23. Qd3 Nc2 24. Re5 Nb4 25. Bxb4 Qxb4 26. Be6 Nd4 27. Re4 Bg7 28. Bxd7 Kxd7 29. Qa6 Rc8 30. Qb7+ Rc7 31. Qd5+ Qd6 32. Qg8 Ne6 33. Qf7+ Qe7 34. Qg8 Rc1+ 35. Kh2 Qxh4# 0-1

[Event "Oberliga Nord O9798"]
[Site "Germany"]
[Date "1998.??.??"]
[Round "?"]
[White "Guth, Thomas"]
[Black "Mahn, Franko"]
[Result "1-0"]
[WhiteElo "2200"]
[BlackElo "2200"]
[PlyCount "131"]
[EventDate "1997.10.??"]
[Source "www.chesslib.no"]
[SourceDate "2004.05.04"]

1. e4 e5 2. Bc4 Nf6 3. Nc3 Nxe4 4. Qh5 Nd6 5. Bb3 Nc6 6. Nb5 g6 7. Qf3 f5 8. Qd5 Qe7 9. Nxc7+ Kd8 10. Nxa8 b6 11. Nxb6 axb6 12. Qf3 Bb7 13. Ne2 Nd4 14. Qh3 f4 15. Nc3 h5 16. Kd1 Nxb3 17. axb3 g5 18. Ra7 e4 19. Rxb7 Nxb7 20. Qf5 Nd6 21. Qd5 e3 22. dxe3 Bg7 23. Qa8+ Nc8 24. Nd5 Qc5 25. Bd2 Qc6 26. Qxc6 dxc6 27. Bc3 Bxc3 28. Nxc3 fxe3 29. fxe3 Rf8 30. Ke2 Nd6 31. Rf1 Re8 32. Rf6 Kc7 33. Kf3 b5 34. b4 Nc4 35. Ne4 Ne5+ 36. Ke2 Ng4 37. Rf7+ Kb8 38. Nf6 Rxe3+ 39. Kd2 Re6 40. Nxg4 hxg4 41. Rf5 Rh6 42. Rxg5 Rxh2 43. Rxg4 Kc7 44. Ke3 Rh1 45. Rd4 Rh8 46. g4 Rg8 47. Kf4 Rf8+ 48. Kg5 Rf2 49. c3 Rxb2 50. Rd3 Rg2 51. Kf5 c5 52. Rd5 cxb4 53. cxb4 Rf2+ 54. Kg5 Kc6 55. Rd4 Rc2 56. Kf5 Rc4 57. Ke5 Rc1 58. g5 Re1+ 59. Kf6 Rf1+ 60. Kg7 Rc1 61. g6 Rc4 62. Rxc4+ bxc4 63. Kf6 Kb5 64. g7 Kxb4 65. g8=Q c3 66. Qa2 1-0

[Event "Walldorf GER"]
[Site "?"]
[Date "2006.04.15"]
[Round "3"]
[White "Hoolt Sarah"]
[Black "Dergileva Larisa"]
[Result "0-1"]
[WhiteElo "2145"]
[BlackElo "2189"]
[PlyCount "50"]
[EventDate "2006.??.??"]
[Source "www.chesslib.no"]
[SourceDate "2004.05.04"]

1. e4 e5 2. Nc3 Nf6 3. Bc4 Nxe4 4. Qh5 Nd6 5. Bb3 Nc6 6. Nb5 g6 7. Qf3 f5 8. Qd5 Qe7 9. Nxc7+ Kd8 10. Nxa8 b6 11. h4 Bb7 12. d3 f4 13. Qf3 Bh6 14. Bd2 Nd4 15. Qg4 e4 16. O-O-O e3 17. Bc3 exf2 18. Nf3 Ne2+ 19. Kb1 Nxc3+ 20. bxc3 Nb5 21. Ng5 Nxc3+ 22. Ka1 Bxg5 23. hxg5 Nxd1 24. Qxf4 d6 25. Rxd1 Rf8 0-1

[Event "Tatry op"]
[Site "Tatranska Lomnica"]
[Date "1998.??.??"]
[Round "3"]
[White "Buchnicek, Petr"]
[Black "Fejtek, Petr"]
[Result "1-0"]
[WhiteElo "2240"]
[BlackElo "2090"]
[PlyCount "63"]
[EventDate "1998.??.??"]
[Source "www.chesslib.no"]
[SourceDate "2004.05.04"]

1. e4 e5 2. Nc3 Nf6 3. Bc4 Nxe4 4. Qh5 Nd6 5. Bb3 Nc6 6. Nb5 g6 7. Qf3 f5 8. Qd5 Qe7 9. Nxc7+ Kd8 10. Nxa8 b6 11. Nxb6 axb6 12. Qf3 Nd4 13. Qh3 e4 14. Qe3 Bg7 15. c3 f4 16. Qxf4 Rf8 17. Qg4 Nc6 18. d4 exd3+ 19. Be3 Ne4 20. Nf3 Nf6 21. Qc4 d2+ 22. Nxd2 Bb7 23. O-O-O Ne5 24. Bxb6+ Ke8 25. Qc7 Nd3+ 26. Kb1 Qe2 27. Qxb7 Ng4 28. Bc5 Nxc5 29. Qc8+ Ke7 30. Qxc5+ Kd8 31. Qb6+ Kc8 32. Bc4 1-0

[Event "WC.2003.P.00005"]
[Site "?"]
[Date "2000.??.??"]
[Round "?"]
[White "Belanoff Stuart B"]
[Black "Peto Peter"]
[Result "0-1"]
[WhiteElo "2195"]
[BlackElo "2075"]
[PlyCount "98"]
[EventDate "2000.??.??"]
[Source "www.chesslib.no"]
[SourceDate "2004.05.04"]

1. e4 e5 2. Nc3 Nf6 3. Bc4 Nxe4 4. Qh5 Nd6 5. Bb3 Nc6 6. Nb5 g6 7. Qf3 f5 8. Qd5 Qe7 9. Nxc7+ Kd8 10. Nxa8 b6 11. Nxb6 axb6 12. Qf3 Bb7 13. d3 Nd4 14. Qh3 f4 15. Bd2 e4 16. O-O-O Bg7 17. Bxf4 Qf6 18. Kb1 Qxf4 19. Qg3 Qf6 20. c3 exd3 21. f3 Nxb3 22. axb3 Ba6 23. Nh3 Bh6 24. Qf2 Kc7 25. c4 d2 26. Rxd2 Bxd2 27. Qxd2 Qf5+ 28. Kc1 Re8 29. Rd1 Qe5 30. Nf2 Bb7 31. Ng4 Qc5 32. h3 h5 33. Nf2 h4 34. Kb1 Re3 35. Nd3 Qd4 36. Qc2 Nf5 37. b4 Re7 38. Nf2 Qe3 39. c5 Bc6 40. Nd3 Qd4 41. Qc3 bxc5 42. Qxc5 Qxc5 43. bxc5 Ba4 44. Rd2 Bb3 45. f4 Ng3 46. Ne5 Nh5 47. Rd3 Nxf4 48. Rxb3 Rxe5 49. g3 hxg3 0-1

[Event "FRA-ch U20"]
[Site "?"]
[Date "2002.??.??"]
[Round "5.9"]
[White "Tripoteau Nicolas"]
[Black "Chaplain Fabrice"]
[Result "1-0"]
[WhiteElo "2201"]
[BlackElo "2050"]
[PlyCount "58"]
[EventDate "2002.??.??"]
[Source "www.chesslib.no"]
[SourceDate "2004.05.04"]

1. e4 e5 2. Nc3 Nf6 3. Bc4 Nxe4 4. Qh5 Nd6 5. Bb3 Nc6 6. Nb5 g6 7. Qf3 f5 8. Qd5 Qe7 9. Nxc7+ Kd8 10. Nxa8 b6 11. Nxb6 axb6 12. d3 Bb7 13. Qf3 Nd4 14. Qh3 h5 15. c3 Ne6 16. Bxe6 Qxe6 17. Nf3 Qd5 18. O-O Bg7 19. Be3 Kc7 20. c4 Qe6 21. Rac1 Nf7 22. Rfe1 Qc6 23. d4 d6 24. Qg3 Nh6 25. Qxg6 Bf8 26. Bxh6 Bxh6 27. dxe5 Bxc1 28. Qg7+ Qd7 29. exd6+ Kc6 1-0

[Event "SVK Team Ch"]
[Site "Slovakia"]
[Date "1994.??.??"]
[Round "10"]
[White "Hudoba, Ondrej"]
[Black "Masar, A."]
[Result "1-0"]
[WhiteElo "2170"]
[BlackElo "2040"]
[PlyCount "111"]
[EventDate "1994.??.??"]
[Source "www.chesslib.no"]
[SourceDate "2004.05.04"]

1. e4 e5 2. Nc3 Nf6 3. Bc4 Nxe4 4. Qh5 Nd6 5. Bb3 Nc6 6. Nb5 g6 7. Qf3 f5 8. Qd5 Qe7 9. Nxc7+ Kd8 10. Nxa8 b6 11. d3 Bb7 12. h4 f4 13. Qf3 Nd4 14. Qg4 Bxa8 15. Bd2 Bh6 16. O-O-O N6f5 17. Ne2 Nxb3+ 18. axb3 d5 19. d4 f3 20. Bxh6 Nxh6 21. Qxf3 Rf8 22. Qg3 Nf5 23. Qxe5 Qxe5 24. dxe5 Ke7 25. h5 g5 26. g4 Nh6 27. Rhg1 Rxf2 28. Rde1 Bb7 29. Kd2 Ba6 30. Ke3 Rxe2+ 31. Rxe2 Bxe2 32. Kxe2 Ke6 33. Kf3 Kxe5 34. Re1+ Kd6 35. Re8 Nf7 36. Ra8 a5 37. Ra7 Ke6 38. Rb7 Ne5+ 39. Kg3 Nd7 40. Rc7 Kd6 41. Rc8 Ke5 42. Kf3 d4 43. Re8+ Kd5 44. Re7 Nf6 45. Rf7 Ke6 46. Rxf6+ Kxf6 47. Ke4 Ke6 48. Kxd4 Kd6 49. c3 h6 50. b4 a4 51. b5 Ke6 52. c4 Kd6 53. c5+ bxc5+ 54. Kc4 Kc7 55. Kxc5 Kb7 56. Kb4 1-0

[Event "BdF"]
[Site "?"]
[Date "1997.??.??"]
[Round "5"]
[White "Molzahn Norbert (GER)"]
[Black "Rieseler Wolfgang (GER)"]
[Result "1/2-1/2"]
[WhiteElo "2112"]
[BlackElo "2079"]
[PlyCount "98"]
[EventDate "1997.??.??"]
[Source "www.chesslib.no"]
[SourceDate "2004.05.04"]

1. e4 e5 2. Nc3 Nf6 3. Bc4 Nxe4 4. Qh5 Nd6 5. Bb3 Nc6 6. Nb5 g6 7. Qf3 f5 8. Qd5 Qe7 9. Nxc7+ Kd8 10. Nxa8 b6 11. d3 Bb7 12. h4 f4 13. Qf3 Nd4 14. Qg4 Bh6 15. c3 N4f5 16. Nxb6 axb6 17. Ne2 Rf8 18. f3 Ba6 19. Bc2 Nb7 20. h5 Nc5 21. hxg6 Bxd3 22. Bd1 hxg6 23. Qxg6 Rf6 24. Qg8+ Rf8 25. Qd5 Qf6 26. b4 Ne7 27. Qa8+ Kc7 28. Qa3 Nb7 29. Bb2 Nc6 30. Nc1 Bc4 31. Be2 Nd6 32. Qa4 e4 33. b5 Na5 34. Qc2 Re8 35. Ba3 Nxb5 36. Bb4 exf3 37. gxf3 Qg5 38. Bxa5 bxa5 39. Qa4 Nd6 40. Rb1 Bg7 41. Rb7+ Nxb7 42. Qxc4+ Kb8 43. Kf1 Qe5 44. Rh7 d5 45. Qd3 Rc8 46. Qd2 Rc7 47. Nd3 Qf5 48. Rh4 Bxc3 49. Qxf4 Qxf4 1/2-1/2

[Event "BdF"]
[Site "?"]
[Date "1997.??.??"]
[Round "5"]
[White "Molzahn Norbert (GER)"]
[Black "Kosmol Horst Dr"]
[Result "1/2-1/2"]
[WhiteElo "2112"]
[BlackElo "2009"]
[PlyCount "36"]
[EventDate "1997.??.??"]
[Source "www.chesslib.no"]
[SourceDate "2004.05.04"]

1. e4 e5 2. Nc3 Nf6 3. Bc4 Nxe4 4. Qh5 Nd6 5. Bb3 Nc6 6. Nb5 g6 7. Qf3 f5 8. Qd5 Qe7 9. Nxc7+ Kd8 10. Nxa8 b6 11. d3 Bb7 12. h4 f4 13. Qf3 Bh6 14. Qg4 e4 15. d4 e3 16. Ne2 exf2+ 17. Kxf2 Ne4+ 18. Kg1 Nf6 1/2-1/2

[Event "Corr"]
[Site "?"]
[Date "1999.08.20"]
[Round "?"]
[White "Fedorko Andrew"]
[Black "Nagley Tim"]
[Result "1-0"]
[WhiteElo "2055"]
[BlackElo "2021"]
[PlyCount "101"]
[EventDate "1999.??.??"]
[Source "www.chesslib.no"]
[SourceDate "2004.05.04"]

1. e4 e5 2. Nc3 Nf6 3. Bc4 Nxe4 4. Qh5 Nd6 5. Bb3 Nc6 6. Nb5 g6 7. Qf3 f5 8. Qd5 Qe7 9. Nxc7+ Kd8 10. Nxa8 b6 11. Nxb6 axb6 12. d3 Bb7 13. h4 f4 14. Qf3 Nd4 15. Qg4 N6f5 16. Bd2 h5 17. Qh3 e4 18. O-O-O e3 19. fxe3 fxe3 20. Bc3 Bg7 21. Re1 Nxb3+ 22. cxb3 Qc5 23. Ne2 d5 24. Qf3 d4 25. Qxb7 dxc3 26. d4 cxb2+ 27. Kxb2 Qc7 28. Qa8+ Qc8 29. Qf3 Re8 30. Rc1 Qd7 31. Kb1 Re6 32. Qa8+ Ke7 33. Qb8 Kf6 34. Rc7 Qd5 35. Nc3 Qxd4 36. Rd1 Qxd1+ 37. Nxd1 e2 38. Qd8+ Ke5 39. Qd2 Kf6 40. Qe1 exd1=Q+ 41. Qxd1 Bh6 42. Qd8+ Ke5 43. Qb8 Ke4 44. Qa8+ Ke5 45. Rc4 Rd6 46. Qe8+ Kf6 47. Rc6 Bf4 48. Qd8+ Kf7 49. Rxd6 Bxd6 50. Qxb6 Ke6 51. a4 1-0

[Event "Dallas, TX"]
[Site "?"]
[Date "2000.05.29"]
[Round "6.10"]
[White "Crawford John S"]
[Black "Shih Justin"]
[Result "1-0"]
[WhiteElo "2005"]
[BlackElo "2068"]
[PlyCount "59"]
[EventDate "2000.??.??"]
[Source "www.chesslib.no"]
[SourceDate "2004.05.04"]

1. e4 e5 2. Nc3 Nf6 3. Bc4 Nxe4 4. Qh5 Nd6 5. Bb3 Nc6 6. Nb5 g6 7. Qf3 f5 8. Qd5 Qe7 9. Nxc7+ Kd8 10. Nxa8 b6 11. Nxb6 axb6 12. d3 Bb7 13. Qf3 Nd4 14. Qh3 Bg7 15. c3 Nxb3 16. axb3 f4 17. Qg4 Re8 18. Nh3 Nf5 19. O-O Nh4 20. Ng5 h6 21. Qxh4 hxg5 22. Qg4 Rh8 23. Ra7 Kc7 24. Qf3 Rb8 25. Bd2 Qe6 26. Qe4 b5 27. c4 Kc8 28. Rxb7 Rxb7 29. Ra1 bxc4 30. Ra8+ 1-0

[Event "Corr"]
[Site "?"]
[Date "2001.??.??"]
[Round "?"]
[White "Labroche Jerome"]
[Black "Gueneau Christophe"]
[Result "1/2-1/2"]
[WhiteElo "1864"]
[BlackElo "2197"]
[PlyCount "66"]
[EventDate "2001.??.??"]
[Source "www.chesslib.no"]
[SourceDate "2004.05.04"]

1. e4 e5 2. Nc3 Nf6 3. Bc4 Nxe4 4. Qh5 Nd6 5. Bb3 Nc6 6. Nb5 g6 7. Qf3 f5 8. Qd5 Qe7 9. Nxc7+ Kd8 10. Nxa8 b6 11. d3 Bb7 12. h4 f4 13. Qf3 Nd4 14. Qg4 Ne8 15. Nxb6 Nf6 16. Qd1 axb6 17. c3 Nf5 18. Nf3 Bh6 19. Qe2 Re8 20. Bd2 Qc5 21. O-O-O Nd4 22. Qe1 Nxf3 23. gxf3 Bxf3 24. Rh3 Bxd1 25. Bxd1 e4 26. Qf1 e3 27. fxe3 fxe3 28. Qxf6+ Kc7 29. Qf7 exd2+ 30. Kc2 Re1 31. Qc4 d5 32. Qxc5+ bxc5 33. Rf3 Kd6 1/2-1/2

[Event "Hengelo"]
[Site "?"]
[Date "2005.08.09"]
[Round "2"]
[White "Sprangers Remco"]
[Black "Bergh Peter van den"]
[Result "1-0"]
[WhiteElo "2130"]
[BlackElo "1916"]
[PlyCount "85"]
[EventDate "2005.??.??"]
[Source "www.chesslib.no"]
[SourceDate "2004.05.04"]

1. e4 e5 2. Nc3 Nf6 3. Bc4 Nxe4 4. Qh5 Nd6 5. Bb3 Nc6 6. Nb5 g6 7. Qf3 f5 8. Qd5 Qe7 9. Nxc7+ Kd8 10. Nxa8 b6 11. Nxb6 axb6 12. Ne2 Bb7 13. Qf3 Bg7 14. Qe3 Kc7 15. d3 f4 16. Qh3 h5 17. Bd2 g5 18. f3 Nd4 19. Nc3 g4 20. fxg4 hxg4 21. Qxg4 Rh4 22. Qd1 Nxb3 23. cxb3 Bxg2 24. Qc2 Kb7 25. O-O-O Bxh1 26. Rxh1 Nf5 27. d4 Nxd4 28. Qe4+ Kb8 29. Kb1 d6 30. Be1 Rh5 31. Bf2 Qb7 32. Nd5 Ne6 33. Bxb6 Ng5 34. Qa4 Rh8 35. Rc1 Ne6 36. Qb5 Nc5 37. b4 Qxd5 38. Bxc5+ Qb7 39. Bxd6+ Ka8 40. Qa5+ Qa7 41. Qd5+ Qb7 42. Rc6 Rxh2 43. Ra6# 1-0

[Event "Corr"]
[Site "?"]
[Date "1999.08.20"]
[Round "?"]
[White "Nagley Tim"]
[Black "Fedorko Andrew"]
[Result "1/2-1/2"]
[WhiteElo "1999"]
[BlackElo "2047"]
[PlyCount "93"]
[EventDate "1999.??.??"]
[Source "www.chesslib.no"]
[SourceDate "2004.05.04"]

1. e4 e5 2. Nc3 Nf6 3. Bc4 Nxe4 4. Qh5 Nd6 5. Bb3 Nc6 6. Nb5 g6 7. Qf3 f5 8. Qd5 Qe7 9. Nxc7+ Kd8 10. Nxa8 b6 11. d3 Bb7 12. h4 f4 13. Qf3 Nd4 14. Qg4 Bh6 15. Nh3 Rf8 16. Nxb6 axb6 17. c3 N4f5 18. Ng5 Ne8 19. a4 Nf6 20. Qh3 d5 21. a5 bxa5 22. Rxa5 Re8 23. O-O Bc8 24. Qh1 Qc7 25. Ra4 Bb7 26. Re1 Bf8 27. Bc2 Bd6 28. Nf3 Qb6 29. d4 e4 30. Ng5 Re7 31. Ra1 h6 32. Nh3 Qc7 33. Ra7 Ng4 34. Rd1 f3 35. gxf3 Bh2+ 36. Kf1 Nxf2 37. Rxb7 Nxh1 38. Rxc7 Bxc7 39. fxe4 Nhg3+ 40. Kf2 Nxe4+ 41. Kg1 Nxh4 42. Bxh6 Nf3+ 43. Kg2 Nh4+ 44. Kf1 Ng3+ 45. Kg1 Re2 46. Bg5+ Kc8 47. Bxh4 1/2-1/2

[Event "DANMJ"]
[Site "?"]
[Date "1998.??.??"]
[Round "?"]
[White "Trygstad, Kristian"]
[Black "Osttveit, Martin"]
[Result "0-1"]
[WhiteElo "2205"]
[BlackElo "1840"]
[PlyCount "41"]
[EventDate "1998.??.??"]
[Source "www.chesslib.no"]
[SourceDate "2004.05.04"]

1. e4 e5 2. Nc3 Nf6 3. Bc4 Nxe4 4. Qh5 Nd6 5. Bb3 Nc6 6. Nb5 g6 7. Qf3 f5 8. Qd5 Qe7 9. Nxc7+ Kd8 10. Nxa8 b6 11. d3 Bb7 12. h4 f4 13. Qf3 Bh6 14. Qg4 e4 15. Bxf4 exd3+ 16. Kf1 Bxf4 17. Qxf4 Rf8 18. Qg5 Rxf2+ 19. Kxf2 Ne4+ 20. Kf1 Nxg5 21. hxg5 0-1

[Event "Klatovy op-A"]
[Site "?"]
[Date "2000.??.??"]
[Round "?"]
[White "Bazantova Marie"]
[Black "Priborsky Ivo"]
[Result "1/2-1/2"]
[WhiteElo "2080"]
[BlackElo "1955"]
[PlyCount "30"]
[EventDate "2000.??.??"]
[Source "www.chesslib.no"]
[SourceDate "2004.05.04"]

1. e4 e5 2. Nc3 Nf6 3. Bc4 Nxe4 4. Qh5 Nd6 5. Bb3 Nc6 6. Nb5 g6 7. Qf3 f5 8. Qd5 Qe7 9. Nxc7+ Kd8 10. Nxa8 b6 11. Qf3 Bb7 12. h4 Bh6 13. Qh3 Bxa8 14. c3 Rf8 15. d3 f4 1/2-1/2

[Event "Tschagguns AUT"]
[Site "?"]
[Date "2006.04.09"]
[Round "1"]
[White "Meier Alexander"]
[Black "Reinwald Patrick"]
[Result "1-0"]
[WhiteElo "2087"]
[BlackElo "1930"]
[PlyCount "49"]
[EventDate "2006.??.??"]
[Source "www.chesslib.no"]
[SourceDate "2004.05.04"]

1. e4 e5 2. Bc4 Nf6 3. Nc3 Nxe4 4. Qh5 Nd6 5. Bb3 Nc6 6. Nb5 g6 7. Qf3 f5 8. Qd5 Qe7 9. Nxc7+ Kd8 10. Nxa8 b6 11. Nxb6 axb6 12. Qd3 Bb7 13. c3 Nd4 14. cxd4 Bxg2 15. Ne2 Bxh1 16. Qa6 Kc7 17. d5 Qh4 18. d3 Qb4+ 19. Bd2 Qb5 20. Qa8 Nb7 21. Rc1+ Nc5 22. d4 exd4 23. d6+ Kxd6 24. Qb8+ Ke7 25. Bg5# 1-0

[Event "Houston SouthWest op-65"]
[Site "Houston"]
[Date "1999.09.06"]
[Round "5"]
[White "Endsley, Barry E"]
[Black "Shih, Justin"]
[Result "0-1"]
[WhiteElo "2014"]
[BlackElo "1994"]
[PlyCount "28"]
[EventDate "1999.09.04"]
[Source "www.chesslib.no"]
[SourceDate "2004.05.04"]

1. e4 e5 2. Nc3 Nf6 3. Bc4 Nxe4 4. Qh5 Nd6 5. Bb3 Nc6 6. Nb5 g6 7. Qf3 f5 8. Qd5 Qe7 9. Nxc7+ Kd8 10. Nxa8 b6 11. Nxb6 axb6 12. Nf3 Bb7 13. d3 h6 14. Ba4 Nd4 0-1

[Event "France (championnat Cadette)"]
[Site "?"]
[Date "2004.??.??"]
[Round "2.3"]
[White "Swiercz Sandra"]
[Black "L'Huillier Helene"]
[Result "1-0"]
[WhiteElo "1914"]
[BlackElo "2068"]
[PlyCount "79"]
[EventDate "2004.??.??"]
[Source "www.chesslib.no"]
[SourceDate "2004.05.04"]

1. e4 e5 2. Nc3 Nf6 3. Bc4 Nxe4 4. Qh5 Nd6 5. Bb3 Nc6 6. Nb5 g6 7. Qf3 f5 8. Qd5 Qe7 9. Nxc7+ Kd8 10. Nxa8 b6 11. Nxb6 axb6 12. Qf3 Bb7 13. d3 Bg7 14. Qg3 e4 15. Bg5 Bf6 16. Bxf6 Qxf6 17. O-O-O f4 18. Qh3 e3 19. fxe3 fxe3 20. Qxe3 Nd4 21. Nf3 Nxf3 22. gxf3 Nf5 23. Qf4 Kc8 24. Rhf1 Rf8 25. Rde1 Qg7 26. Qc4+ Kb8 27. Qb5 Ka7 28. Qe5 Qh6+ 29. Kb1 d6 30. Qb5 Qxh2 31. Bd5 Bxd5 32. Qxd5 Qg2 33. Qe6 h5 34. Rg1 Qxf3 35. Re4 Qf2 36. Qd7+ Kb8 37. Rge1 Rc8 38. c3 Qd2 39. Re8 Qxd3+ 40. Ka1 1-0

[Event "France (championnat Cadette)"]
[Site "?"]
[Date "2004.??.??"]
[Round "6.2"]
[White "Swiercz Sandra"]
[Black "Bodenez Claire"]
[Result "1-0"]
[WhiteElo "1914"]
[BlackElo "2025"]
[PlyCount "51"]
[EventDate "2004.??.??"]
[Source "www.chesslib.no"]
[SourceDate "2004.05.04"]

1. e4 e5 2. Nc3 Nf6 3. Bc4 Nxe4 4. Qh5 Nd6 5. Bb3 Nc6 6. Nb5 g6 7. Qf3 f5 8. Qd5 Qe7 9. Nxc7+ Kd8 10. Nxa8 b6 11. Nxb6 axb6 12. d3 Bb7 13. h4 h6 14. Qf3 Bg7 15. Qh3 Nd4 16. Be3 e4 17. O-O-O Nxb3+ 18. axb3 Kc7 19. dxe4 Ra8 20. Bf4 Ra1+ 21. Kd2 Rxd1+ 22. Kxd1 Kd8 23. Qe3 Nxe4 24. Qxb6+ Ke8 25. f3 Nc5 26. Bd6 1-0

[Event "Corr"]
[Site "?"]
[Date "2004.12.04"]
[Round "?"]
[White "Evans Craig"]
[Black "Tew Paul"]
[Result "0-1"]
[WhiteElo "1878"]
[BlackElo "2058"]
[PlyCount "70"]
[EventDate "2004.??.??"]
[Source "www.chesslib.no"]
[SourceDate "2004.05.04"]

1. e4 e5 2. Nc3 Nf6 3. Bc4 Nxe4 4. Qh5 Nd6 5. Bb3 Nc6 6. Nb5 g6 7. Qf3 f5 8. Qd5 Qe7 9. Nxc7+ Kd8 10. Nxa8 b6 11. d3 Bb7 12. h4 f4 13. Qf3 Bh6 14. Qg4 e4 15. Bxf4 exd3+ 16. Kf1 Bxf4 17. Qxf4 Rf8 18. Qg3 Ne4 19. Qc7+ Ke8 20. Nh3 Nxf2 21. Nxf2 Qe2+ 22. Kg1 Qxf2+ 23. Kh2 Qxh4+ 24. Kg1 Qd4+ 25. Kh2 Ne5 26. Rhf1 Ng4+ 27. Kg3 Qe3+ 28. Kxg4 h5+ 29. Kh4 Qe4+ 30. Rf4 g5+ 31. Kxg5 Qxg2+ 32. Kh4 Qh2+ 33. Kg5 Qg3+ 34. Rg4 Qxg4+ 35. Kh6 Rh8# 0-1

[Event "Aix Les Bains FRA"]
[Site "?"]
[Date "2006.??.??"]
[Round "6.4"]
[White "Rambourg Juliette"]
[Black "Macarry Elodie"]
[Result "1-0"]
[WhiteElo "1830"]
[BlackElo "1840"]
[PlyCount "53"]
[EventDate "2006.??.??"]
[Source "www.chesslib.no"]
[SourceDate "2004.05.04"]

1. e4 e5 2. Nc3 Nf6 3. Bc4 Nxe4 4. Qh5 Nd6 5. Bb3 Nc6 6. Nb5 g6 7. Qf3 f5 8. Qd5 Qe7 9. Nxc7+ Kd8 10. Nxa8 b6 11. d3 Bb7 12. h4 h6 13. Nxb6 axb6 14. Qf3 Nd4 15. Qh3 e4 16. Be3 exd3 17. O-O-O Nxb3+ 18. cxb3 Nc8 19. Bd4 Rh7 20. Rxd3 Ba6 21. Rd1 d5 22. Qc3 Rf7 23. Nf3 Qd6 24. Be5 Qd7 25. Bf6+ Be7 26. Bxe7+ Rxe7 27. Ne5 1-0

[Event "SJRH-ch U18"]
[Site "?"]
[Date "2001.01.02"]
[Round "5"]
[White "Sieber Patrick"]
[Black "Resa Tobias"]
[Result "1/2-1/2"]
[WhiteElo "1840"]
[BlackElo "1783"]
[PlyCount "24"]
[EventDate "2001.??.??"]
[Source "www.chesslib.no"]
[SourceDate "2004.05.04"]

1. e4 e5 2. Nc3 Nf6 3. Bc4 Nxe4 4. Qh5 Nd6 5. Bb3 Nc6 6. Nb5 g6 7. Qf3 f5 8. Qd5 Qe7 9. Nxc7+ Kd8 10. Nxa8 b6 11. Nxb6 axb6 12. Nf3 Bb7 1/2-1/2

[Event "Corr"]
[Site "?"]
[Date "1999.09.16"]
[Round "?"]
[White "Benyovszki Pal"]
[Black "Nagley Tim"]
[Result "0-1"]
[WhiteElo "1650"]
[BlackElo "1931"]
[PlyCount "102"]
[EventDate "1999.??.??"]
[Source "www.chesslib.no"]
[SourceDate "2004.05.04"]

1. e4 e5 2. Nc3 Nf6 3. Bc4 Nxe4 4. Qh5 Nd6 5. Bb3 Nc6 6. Nb5 g6 7. Qf3 f5 8. Qd5 Qe7 9. Nxc7+ Kd8 10. Nxa8 b6 11. Nxb6 axb6 12. Qf3 Nd4 13. Qh3 Ba6 14. d3 e4 15. Qe3 exd3 16. Qxe7+ Bxe7 17. c3 Nc2+ 18. Bxc2 dxc2 19. b3 Bf6 20. Kd2 Ne4+ 21. Kxc2 Nxf2 22. Be3 Nxh1 23. Bxb6+ Kc8 24. Nf3 Kb7 25. Bg1 Re8 26. Re1 Re4 27. Bc5 Kc6 28. Ba7 Re2+ 29. Rxe2 Bxe2 30. Kd2 Bf1 31. g3 Bg2 32. Ne1 Bd5 33. c4 Be4 34. b4 d5 35. b5+ Kb7 36. Bc5 dxc4 37. a4 c3+ 38. Kc1 Bd8 39. Bb4 Bg5+ 40. Kd1 c2+ 41. Nxc2 Nf2+ 42. Ke1 Bxc2 43. Kxf2 Bxa4 44. h4 Bf6 45. Bd2 Bxb5 46. Kf3 Kc6 47. Bh6 Kd5 48. Bc1 Ke5 49. Bb2+ Ke6 50. Bc1 Bc6+ 51. Kf2 Kd5 0-1